000 00500cam a2200205ua 4500
001 9291
008 181108n II |||gr||||Z||||||eng
040 _aMAIN
041 _aEnglish
041 _aeng
082 _a320 AMB
100 _aAMBEDKAR,S.NAGENDRA.
245 _aROLE OF WOMEN IN PANCHAYATI RAJ
260 _aJAIPUR:
_bABD PUB.,
_c2006.
300 _a288:
_c22CM.
653 _aPolitical science
700 _aAMBEDKAR,S.NAGENDRA.,
_eAuthor.
700 _aNAGENDRA,SHILAJA.
942 _cBK
999 _c9267
_d9267